Statistics for 非洲國家測驗

Click here to take the quiz!

General Stats

  • This quiz has been taken 14 times
  • The average score is 30 of 54

Answers on the Map

Answers color-coded by a green-red scale on the quiz's map according to % correct below.
 

Answer Stats

Country% Correct
摩洛哥
100%
埃及
100%
剛果民主共和國
86%
剛果
86%
馬達加斯加
86%
蘇丹
86%
南非
86%
安哥拉
71%
莫三比克
71%
尼日
71%
阿爾及利亞
71%
象牙海岸
71%
索馬利亞
71%
中非共和國
71%
南蘇丹
71%
布吉納法索
71%
肯亞
71%
獅子山
57%
奈及利亞
57%
馬利
57%
坦尚尼亞
57%
突尼西亞
57%
賴索托
57%
利比亞
57%
辛巴威
57%
迦納
57%
甘比亞
57%
衣索比亞
57%
史瓦帝尼王國
57%
查德
57%
幾內亞
43%
尚比亞
43%
烏干達
43%
貝南
43%
多哥
43%
波札那
43%
塞內加爾
43%
幾內亞比索
43%
吉布地
43%
赤道幾內亞
43%
厄利垂亞
43%
納米比亞
43%
茅利塔尼亞
43%
馬拉威
43%
賴比瑞亞
43%
盧安達
43%
塞席爾
29%
葛摩
29%
維德角
29%
喀麥隆
29%
蒲隆地
29%
聖多美普林西比
29%
模里西斯
29%
加彭
29%

Score Distribution

Percentile by Number Answered

Percent of People with Each Score

Your Score History

You have not taken this quiz